UBT Library

Fundamentals of media effects / (Record no. 1376)

000 -LEADER
fixed length control field 00572nam a22001937a 4500
008 - FIXED-LENGTH DATA ELEMENTS--GENERAL INFORMATION
fixed length control field 151120b xxu||||| |||| 00| 0 eng d
020 ## - INTERNATIONAL STANDARD BOOK NUMBER
International Standard Book Number 0072435763 (alk. paper)
041 0# - LANGUAGE CODE
Language code of text/sound track or separate title eng
080 ## - UNIVERSAL DECIMAL CLASSIFICATION NUMBER
Universal Decimal Classification number 316.77
100 1# - Rafti
Rafti Bryant, Jennings.
245 10 - TITLE STATEMENT
Title Fundamentals of media effects /
Statement of responsibility, etc Jennings Bryant, Susan Thompson.
250 ## -
-- 1st ed.
260 ## -
-- Boston, Mass. :
-- McGraw-Hill,
-- c2002.
300 ## -
-- xix, 395 f. :
-- me ill. ;
-- 23 cm.
650 #0 -
-- Media masive
-- Aspekte psikologjike
650 #0 -
-- Komunikim masiv
700 1# -
-- Thompson, Susan,
942 ## - ADDED ENTRY ELEMENTS (KOHA)
Source of classification or shelving scheme
Item type Books
Holdings
Withdrawn status Lost status Source of classification or shelving scheme Damaged status Not for loan Collection code Permanent location Current location Shelving location Date acquired Total Checkouts Full call number Barcode Date last seen Koha item type
          Koleksioni i përgjithshem UBT - Lipjan UBT - Lipjan Koleksioni i përgjithshem 11/20/2015   316.77 BRY 002-008648 11/20/2015 Books
UBT Library © 2015-2024. All rights reserved University Education for Business and Technology